000 00358nam a2200157Ia 4500
003 Ost
005 20260225132558.0
008 260225s9999||||xx |||||||||||||| ||und||
040 _cfsic
041 _afre
082 _a320.951
100 _aMohamed arkoun
_eAuteur
245 0 _aPenser l'islam aujourd'hui /
245 0 _cMohamed arkoun
942 _cكتاب
999 _c34612
_d34612